MARC

LEADER 00000nam0a2200000 4500
001 278655
005 20231101235132.0
035 |a (RuTPU)RU\TPU\book\301932 
090 |a 278655 
100 |a 20141212d1984 k y0rusy5003 ca 
101 0 |a rus 
102 |a GE 
105 |a a z 001zy 
200 1 |a Инженерная геология Тбилиси  |f Г. В. Джапаридзе 
210 |a Тбилиси  |c Сабчота Сакартвело  |d 1984 
215 |a 156 с.  |c ил. 
320 |a Библиогр.: с. 149-155 
606 1 |a Инженерная геология  |2 stltpush  |3 (RuTPU)RU\TPU\subj\12572  |9 39335 
610 1 |a Тбилиси 
610 1 |a природные особенности 
610 1 |a геологическое строение 
610 1 |a гидрогеология 
610 1 |a грунты 
610 1 |a подземное строительство 
610 1 |a районирование 
610 1 |a рельеф 
675 |a 624.131.4  |z rus  |v 4 
700 1 |a Джапаридзе  |b Г. В.  |4 070 
801 0 |a RU  |b RuMRKP  |c 19950704  |g psbo 
801 1 |a RU  |b 63413507  |c 20141212 
801 2 |a RU  |b 63413507  |c 20170412  |g RCR 
942 |c BK